01147nam a2200301 i 450000100060000000300090000600500170001500700030003200800410003502000180007608000270009408000270012108000270014810000370017524500870021226000360029930000220033549000490035750000150040650400340042165000380045565100790049370000460057283000660061885200220068499900170070695201220072311391ES-MaACL20250902013441.0t|921103s1992 sp |||| | spa j a84-7100-544-1 a316.343.34(460)"15/17" a339.5(460:8=60)"15/17" a339.5(8=60:460)"15/17"1 aRuiz Rivera, Julián B.917904410aCargadores a Indias / cJulián B. Ruiz Rivera, Manuela Cristina García Bernal. aMadrid : bMAPFRE, cD.L. 1992. a395 p. ; c23 cm.1 aRelaciones entre España y América ; v12 aÍndices. aBibliografía: p. [365]-384.17aComerciantes-zEspaña29168881 4aEspaña-xComercio exterior-zAmérica española-yS.XVI-XVIII.91691421 aGarcía Bernal, Manuela Cristina.95426200aColección Relaciones entre España y Américav129179037 aES-MaACLjL-18716 c11391d11391 00104070aATENEOMbATENEOMcDEPO2d2008-01-17eSCl0oL-18716p1011614r2023-02-23 00:00:00w2023-02-23yMONOGRAFIA